[Event "South Ostrobothnia-ch"]
[Site "Seinajoki"]
[Date "2020.01.05"]
[Round "5"]
[White "Kekki, Petri"]
[Black "Koivusalo, Ville Veiko"]
[Result "1-0"]
[WhiteElo "2269"]
[BlackElo "1983"]
[PlyCount "81"]
[EventDate "2020.01.04"]
[EventType "swiss"]
[EventRounds "5"]
[EventCountry "FIN"]
[SourceTitle "EXT 2021"]
[Source "ChessBase"]
[SourceDate "2020.10.23"]
[SourceVersion "1"]
[SourceVersionDate "2020.10.23"]
[SourceQuality "1"]

1. d4 Nf6 2. Bg5 d5 3. Bxf6 exf6 4. e3 g6 5. g3 c6 6. Bg2 f5 7. Ne2 Be6 8. 0-0 Bd6 9. Qd3 g5 10. Nd2 b5 11. a4 b4 12. c4 Nd7 13. f3 f4 14. exf4 gxf4 15. Nxf4 Bxf4 16. gxf4 Qf6 17. cxd5 cxd5 18. Qe3 0-0 19. Rfe1 Kh8 20. Nf1 h5 21. Ng3 h4 22. f5 Bxf5 23. Nxf5 Qxf5 24. Qh6+ Qh7 25. Qxh7+ Kxh7 26. Bh3 Nb6 27. b3 Kg6 28. Rac1 f5 29. a5 Nd7 30. Rc7 Nf6 31. Ree7 Kg5 32. Rxa7 Rxa7 33. Rxa7 Nh5 34. a6 Kf4 35. Re7 Rc8 36. a7 Rc1+ 37. Bf1 Ra1 38. Kf2 Ra2+ 39. Be2 Kg5 40. Ke1 Nf4 41. Bb5 1-0

[Event "Seinajoki Sept op"]
[Site "Seinajoki"]
[Date "2019.09.22"]
[Round "5"]
[White "Jarvenpaa, Jari"]
[Black "Koivusalo, Ville Veiko"]
[Result "1-0"]
[WhiteElo "2242"]
[BlackElo "1972"]
[PlyCount "47"]
[EventDate "2019.09.21"]
[EventType "swiss"]
[EventRounds "5"]
[EventCountry "FIN"]
[SourceTitle "EXT 2021"]
[Source "ChessBase"]
[SourceDate "2020.10.23"]
[SourceVersion "1"]
[SourceVersionDate "2020.10.23"]
[SourceQuality "1"]

1. e4 c5 2. c3 d5 3. exd5 Qxd5 4. Nf3 Nf6 5. d4 cxd4 6. cxd4 e6 7. Nc3 Bb4 8. Bd3 Qa5 9. Bd2 Nc6 10. a3 Bxc3 11. bxc3 0-0 12. c4 Qc7 13. Bg5 Qa5+ 14. Bd2 Qc7 15. Bc3 Re8 16. 0-0 b6 17. d5 exd5 18. Bxf6 gxf6 19. Qc2 dxc4 20. Qxc4 Be6 21. Qh4 f5 22. Ng5 f6 23. Nxe6 Rxe6 24. Bc4 1-0

[Event "Pardubice Czech op-B 30th"]
[Site "Pardubice"]
[Date "2019.07.24"]
[Round "6"]
[White "Koivusalo, Ville Veiko"]
[Black "Kourek, Josef"]
[Result "1/2-1/2"]
[WhiteElo "1940"]
[BlackElo "2109"]
[PlyCount "46"]
[EventDate "2019.07.19"]
[EventType "swiss"]
[EventRounds "9"]
[EventCountry "CZE"]
[SourceTitle "EXT 2020"]
[Source "ChessBase"]
[SourceDate "2019.10.17"]
[SourceVersion "1"]
[SourceVersionDate "2019.10.17"]
[SourceQuality "1"]

1. d4 Nf6 2. Nf3 g6 3. g3 Bg7 4. Bg2 0-0 5. 0-0 d6 6. c4 c5 7. Nc3 Nc6 8. e4 Nxd4 9. Nxd4 cxd4 10. Qxd4 Be6 11. Qd3 Qc8 12. Nd5 Nxd5 13. cxd5 Bh3 14. Bxh3 Qxh3 15. Bg5 Rfe8 16. Rac1 Qg4 17. Be3 h5 18. Rc7 b6 19. Kg2 h4 20. h3 Qh5 21. g4 Qe5 22. Rb1 g5 23. Rbc1 Bf6 1/2-1/2

[Event "Turku We TuTS"]
[Site "Turku"]
[Date "2016.12.03"]
[Round "2"]
[White "Kauko, Pekka"]
[Black "Koivusalo, Ville Veiko"]
[Result "0-1"]
[WhiteElo "2006"]
[BlackElo "2055"]
[PlyCount "110"]
[EventDate "2016.12.02"]
[EventType "swiss"]
[EventRounds "5"]
[EventCountry "FIN"]
[SourceTitle "EXT 2022"]
[Source "ChessBase"]
[SourceDate "2021.10.06"]
[SourceVersion "1"]
[SourceVersionDate "2021.10.06"]
[SourceQuality "1"]

1. Nf3 Nf6 2. g3 g6 3. Bg2 Bg7 4. 0-0 0-0 5. c4 d6 6. d4 Nbd7 7. Nc3 e5 8. e4 c6 9. Re1 Qc7 10. Rb1 a5 11. h3 exd4 12. Nxd4 Nc5 13. Bf4 Nh5 14. Be3 Re8 15. Qd2 Bd7 16. Bh6 Rad8 17. Bxg7 Nxg7 18. Rbd1 Bc8 19. Qh6 f5 20. exf5 Nxf5 21. Rxe8+ Rxe8 22. Nxf5 Bxf5 23. Qd2 Re6 24. g4 Bd3 25. b3 Qe7 26. Nd5 cxd5 27. Bxd5 Kg7 28. Bxe6 Qxe6 29. Re1 Qf6 30. g5 Qf5 31. f3 Kf7 32. Qe3 Ne6 33. h4 Qc5 34. Kf2 Qxe3+ 35. Kxe3 Bf5 36. a3 Bc2 37. b4 a4 38. Rc1 Bb3 39. c5 dxc5 40. bxc5 Bd5 41. Rd1 Bc6 42. Rc1 Ng7 43. Kf4 Nf5 44. h5 Nd4 45. hxg6+ hxg6 46. Rh1 Ne6+ 47. Kg4 Nxc5 48. Rh7+ Kg8 49. Re7 Nd3 50. Re3 Nc5 51. Kf4 Kf7 52. Ke5 Nb3 53. Kd6 Nd4 54. Re7+ Kf8 55. Rc7 Nb5+ 0-1

[Event "Turku We TuTS"]
[Site "Turku"]
[Date "2016.12.02"]
[Round "1"]
[White "Koivusalo, Ville Veiko"]
[Black "Sipila, Vilka"]
[Result "1/2-1/2"]
[WhiteElo "2055"]
[BlackElo "2424"]
[PlyCount "63"]
[EventDate "2016.12.02"]
[EventType "swiss"]
[EventRounds "5"]
[EventCountry "FIN"]
[SourceTitle "EXT 2022"]
[Source "ChessBase"]
[SourceDate "2021.10.06"]
[SourceVersion "1"]
[SourceVersionDate "2021.10.06"]
[SourceQuality "1"]

1. Nf3 Nf6 2. d4 g6 3. g3 Bg7 4. Bg2 0-0 5. 0-0 d6 6. c4 Nbd7 7. Nc3 e5 8. e4 c6 9. dxe5 dxe5 10. b3 Qe7 11. Qc2 Rd8 12. a4 Nc5 13. Ba3 Bf8 14. Rad1 Bg4 15. h3 Bxf3 16. Bxf3 Qc7 17. Bxc5 Bxc5 18. Rxd8+ Rxd8 19. Rd1 Re8 20. Rd3 Nd7 21. Bg4 f5 22. exf5 e4 23. Rxd7 Qxd7 24. Nxe4 Qd4 25. Nxc5 Qxc5 26. fxg6 h5 27. Bf3 Kg7 28. Qd3 Re6 29. b4 Qxb4 30. Qd4+ Rf6 31. Qd7+ Kf8 32. Qd8+ 1/2-1/2

[Event "Heart of Finland op 26th"]
[Site "Jyvaskyla"]
[Date "2016.07.21"]
[Round "5"]
[White "Torkkola, Henri"]
[Black "Koivusalo, Ville Veiko"]
[Result "1-0"]
[WhiteElo "2216"]
[BlackElo "1979"]
[PlyCount "69"]
[EventDate "2016.07.18"]
[EventType "swiss"]
[EventRounds "9"]
[EventCountry "FIN"]
[SourceTitle "CBM 173 Extra"]
[Source "ChessBase"]
[SourceDate "2016.08.29"]
[SourceVersion "1"]
[SourceVersionDate "2016.08.29"]
[SourceQuality "1"]

1. d4 e6 2. Bf4 f5 3. e3 Nf6 4. Nf3 Be7 5. Bd3 b6 6. Qe2 Bb7 7. Nbd2 0-0 8. h3 Ne4 9. Rg1 g5 10. Bh2 c5 11. c3 cxd4 12. exd4 Nxd2 13. Kxd2 Qe8 14. Rae1 Nc6 15. Bc4 Qf7 16. Ne5 Nxe5 17. Bxe5 Rac8 18. Bb3 Rfe8 19. h4 g4 20. g3 Be4 21. Qe3 d6 22. Bf4 Bf8 23. Bg5 b5 24. Bd1 Bd5 25. f3 e5 26. fxg4 exd4 27. Qxd4 Bg7 28. Qd3 Be4 29. Bb3 Rc4 30. Qf1 Qd5+ 31. Kc1 Bxc3 32. bxc3 Rxc3+ 33. Kb2 Rxb3+ 34. axb3 b4 35. Qc4 1-0

[Event "Heart of Finland op 26th"]
[Site "Jyvaskyla"]
[Date "2016.07.18"]
[Round "1"]
[White "Kulaots, Kaido"]
[Black "Koivusalo, Ville Veiko"]
[Result "1-0"]
[WhiteElo "2571"]
[BlackElo "1979"]
[PlyCount "41"]
[EventDate "2016.07.18"]
[EventType "swiss"]
[EventRounds "9"]
[EventCountry "FIN"]
[SourceTitle "CBM 173 Extra"]
[Source "ChessBase"]
[SourceDate "2016.08.29"]
[SourceVersion "1"]
[SourceVersionDate "2016.08.29"]
[SourceQuality "1"]

1. e4 c5 2. Nf3 d6 3. c3 Nf6 4. Be2 Bg4 5. 0-0 Nc6 6. d4 cxd4 7. cxd4 d5 8. e5 Ne4 9. Be3 Qb6 10. Nc3 Nxc3 11. bxc3 e6 12. c4 Be7 13. cxd5 exd5 14. Rb1 Qc7 15. Qb3 Rb8 16. Qxd5 Be6 17. Qe4 Qd7 18. Rbd1 Nb4 19. Bd2 Bf5 20. Qf4 Nd5 21. e6 1-0

[Event "Jyvaskyla Winter Weekend A"]
[Site "Jyvaskyla"]
[Date "2016.01.24"]
[Round "4"]
[White "Privalov, Vyacheslav N"]
[Black "Koivusalo, Ville Veiko"]
[Result "0-1"]
[WhiteElo "2034"]
[BlackElo "1975"]
[PlyCount "126"]
[EventDate "2016.01.22"]
[EventType "swiss"]
[EventRounds "5"]
[EventCountry "FIN"]
[SourceTitle "EXT 2022"]
[Source "ChessBase"]
[SourceDate "2021.10.06"]
[SourceVersion "1"]
[SourceVersionDate "2021.10.06"]
[SourceQuality "1"]

1. Nf3 Nf6 2. c4 c5 3. b3 Nc6 4. Bb2 d6 5. g3 e5 6. d3 g6 7. Bg2 Bg7 8. Na3 0-0 9. 0-0 Rb8 10. Nc2 Bd7 11. Ng5 h6 12. Ne4 Nxe4 13. dxe4 Be6 14. Qd2 Qd7 15. Rfd1 Rbd8 16. e3 Ne7 17. Qe1 f5 18. Rd2 fxe4 19. Bxe4 Bf5 20. Bg2 e4 21. Bxg7 Kxg7 22. b4 Qe6 23. Qe2 Bg4 24. Qf1 Nf5 25. Rd5 cxb4 26. Qe1 Ne7 27. Nd4 Qf6 28. Rb5 b6 29. Bxe4 h5 30. Rxb4 d5 31. Bg2 h4 32. f3 h3 33. fxg4 hxg2 34. Rd1 dxc4 35. Rxc4 Nd5 36. Rcc1 Qe5 37. Qe2 Nxe3 38. Nf3 Rxd1+ 39. Rxd1 Qc5 40. Rb1 b5 41. h4 Rxf3 42. Qxf3 Nxg4+ 43. Kxg2 Qc2+ 44. Kh3 Nf2+ 45. Kg2 Nd3+ 46. Kh3 Qxb1 47. Qb7+ Kh6 48. Qf3 Kg7 49. Qb7+ Kf6 50. Qc6+ Ke5 51. Qc7+ Ke4 52. Qb7+ Ke3 53. Qxa7+ Ke2 54. Qe7+ Kf1 55. Qd7 Kg1 56. h5 Nf2+ 57. Kh4 Qe4+ 58. Kg5 gxh5 59. Kxh5 Qe5+ 60. Kh4 Qh8+ 61. Kg5 Qe5+ 62. Kh4 Kh2 63. g4 Ne4 0-1

[Event "Heart of Finland op 25th"]
[Site "Jyvaskyla"]
[Date "2015.07.15"]
[Round "4"]
[White "Koivusalo, Ville Veiko"]
[Black "Chernyak, Viktoria"]
[Result "0-1"]
[WhiteElo "2008"]
[BlackElo "2184"]
[PlyCount "80"]
[EventDate "2015.07.13"]
[EventType "swiss"]
[EventRounds "9"]
[EventCountry "FIN"]
[SourceTitle "CBM 167 Extra"]
[Source "ChessBase"]
[SourceDate "2015.09.14"]
[SourceVersion "1"]
[SourceVersionDate "2015.09.14"]
[SourceQuality "1"]

1. b3 e5 2. Bb2 d6 3. e3 Nf6 4. d3 g6 5. Nd2 Bg7 6. Ne2 Be6 7. g3 Qd7 8. Bg2 Nc6 9. c4 Bh3 10. Bf3 0-0 11. Ng1 Bg4 12. Bxg4 Nxg4 13. h3 Nf6 14. e4 Nh5 15. Ndf3 a5 16. Ne2 f5 17. Nc3 fxe4 18. Nxe4 a4 19. Nh4 Nf6 20. Ng2 Nd4 21. Bxd4 Nxe4 22. dxe4 exd4 23. 0-0 Qxh3 24. bxa4 Qe6 25. Nf4 Rxf4 26. gxf4 Qxe4 27. Qg4 d3 28. Rae1 Qxc4 29. Re7 Bf6 30. Re3 Rf8 31. Qf3 d2 32. Rd3 Qxa2 33. Qxb7 Qxa4 34. Qxc7 Qxf4 35. Qxd6 Be5 36. Qe6+ Kh8 37. Qh3 Bd4 38. Kg2 Rf5 39. Qf3 Rg5+ 40. Kh1 Rh5+ 0-1

[Event "Heart of Finland op 25th"]
[Site "Jyvaskyla"]
[Date "2015.07.14"]
[Round "3"]
[White "Mertanen, Janne"]
[Black "Koivusalo, Ville Veiko"]
[Result "1/2-1/2"]
[WhiteElo "2228"]
[BlackElo "2008"]
[PlyCount "37"]
[EventDate "2015.07.13"]
[EventType "swiss"]
[EventRounds "9"]
[EventCountry "FIN"]
[SourceTitle "CBM 167 Extra"]
[Source "ChessBase"]
[SourceDate "2015.09.14"]
[SourceVersion "1"]
[SourceVersionDate "2015.09.14"]
[SourceQuality "1"]

1. d4 d5 2. c4 c6 3. Nf3 Nf6 4. Qb3 dxc4 5. Qxc4 Nbd7 6. Nc3 e6 7. g3 Be7 8. Bg2 0-0 9. 0-0 Nb6 10. Qb3 Nbd5 11. Rd1 Qb6 12. Qc2 Nxc3 13. bxc3 c5 14. Rb1 Qa6 15. Ne5 Rd8 16. e4 b5 17. Bf1 c4 18. f3 Nd7 19. Nxd7 1/2-1/2

[Event "Heart of Finland op 24th"]
[Site "Jyvaskyla"]
[Date "2014.07.10"]
[Round "6"]
[White "Rantanen, Yrjo A"]
[Black "Koivusalo, Ville Veiko"]
[Result "1-0"]
[WhiteElo "2325"]
[BlackElo "1996"]
[PlyCount "91"]
[EventDate "2014.07.07"]
[EventType "swiss"]
[EventRounds "9"]
[EventCountry "FIN"]
[SourceTitle "EXT 2019"]
[Source "ChessBase"]
[SourceDate "2018.10.10"]
[SourceVersion "1"]
[SourceVersionDate "2018.10.10"]
[SourceQuality "1"]

1. e4 c6 2. d4 d5 3. exd5 cxd5 4. c4 Nf6 5. Nc3 Nc6 6. Bg5 e6 7. Nf3 Be7 8. cxd5 Nxd5 9. h4 h6 10. Bxe7 Ncxe7 11. Bb5+ Bd7 12. Bxd7+ Qxd7 13. Ne5 Nxc3 14. Qf3 Qxd4 15. Qxf7+ Kd8 16. Qxe6 Qd5 17. Nf7+ Ke8 18. Qxd5 Ncxd5 19. Nxh8 Kd7 20. Nf7 Ke6 21. Nxh6 gxh6 22. 0-0-0 Rc8+ 23. Kb1 Rg8 24. Rhe1+ Kd6 25. g3 Rf8 26. Rxe7 Kxe7 27. Rxd5 Rxf2 28. Rd3 Rg2 29. a4 Ke6 30. Ka2 b6 31. Kb3 h5 32. Kc3 Re2 33. b3 Re4 34. Kd2 Kf5 35. Rd5+ Kg4 36. Kd3 Rb4 37. Kc3 Re4 38. Rg5+ Kf3 39. Rxh5 Kxg3 40. Rh7 a5 41. Rb7 Re6 42. h5 Kf4 43. Kc4 Re4+ 44. Kb5 Rb4+ 45. Ka6 Rxb3 46. Rxb6 1-0

[Event "Helsinki We Garde 3rd Group A"]
[Site "Helsinki"]
[Date "2014.03.01"]
[Round "3"]
[White "Koivusalo, Ville Veiko"]
[Black "Ristoja, Samu"]
[Result "0-1"]
[WhiteElo "2034"]
[BlackElo "2112"]
[PlyCount "60"]
[EventDate "2014.02.28"]
[EventType "swiss"]
[EventRounds "5"]
[EventCountry "FIN"]
[SourceTitle "EXT 2022"]
[Source "ChessBase"]
[SourceDate "2021.10.06"]
[SourceVersion "1"]
[SourceVersionDate "2021.10.06"]
[SourceQuality "1"]

1. Nf3 Nf6 2. d4 e6 3. c4 b6 4. g3 Ba6 5. b3 d5 6. Bg2 Ne4 7. 0-0 Nd7 8. Ne5 Nxe5 9. dxe5 f5 10. Qc2 c6 11. Rd1 Rc8 12. e3 b5 13. Bxe4 fxe4 14. cxd5 cxd5 15. Qe2 Rc6 16. Bb2 b4 17. Qh5+ g6 18. Qg4 Qc8 19. Nd2 Rc2 20. Rac1 Be7 21. h4 Kf7 22. h5 g5 23. h6 Rg8 24. Nxe4 Be2 25. Nxg5+ Bxg5 26. Qd4 Bxd1 27. Rxd1 Qc5 28. Qd3 Rxb2 29. Qxh7+ Kf8 30. Qd7 Qe7 0-1

[Event "Mikkeli We MikkSK MikkSK 70"]
[Site "Mikkeli"]
[Date "2014.??.??"]
[Round "3"]
[White "Lehtosaari, Mauri"]
[Black "Koivusalo, Ville Veiko"]
[Result "1/2-1/2"]
[WhiteElo "2109"]
[BlackElo "1993"]
[PlyCount "62"]
[EventDate "2014.??.??"]
[EventType "swiss"]
[EventRounds "5"]
[EventCountry "FIN"]
[SourceTitle "EXT 2022"]
[Source "ChessBase"]
[SourceDate "2021.10.06"]
[SourceVersion "1"]
[SourceVersionDate "2021.10.06"]
[SourceQuality "1"]

1. e4 d6 2. d4 e5 3. Nf3 Bg4 4. dxe5 Bxf3 5. Qxf3 dxe5 6. Nc3 c6 7. Bc4 Nf6 8. a3 a5 9. 0-0 Bc5 10. Bg5 Nbd7 11. Rad1 Qe7 12. Ne2 h6 13. Bxf6 Nxf6 14. Ng3 g6 15. c3 a4 16. h3 0-0 17. Rd3 Rfd8 18. Rfd1 Rxd3 19. Qxd3 b5 20. Ba2 h5 21. Nf1 Kg7 22. g3 Ra7 23. Qe2 Rd7 24. Rxd7 Qxd7 25. Kg2 h4 26. Nd2 hxg3 27. fxg3 Nh5 28. Nf3 f6 29. Nh4 Qd6 30. Bb1 Kh7 31. Qd3 Qe7 1/2-1/2

[Event "Jyvaskyla We JyS A"]
[Site "Jyvaskyla"]
[Date "2013.01.26"]
[Round "2"]
[White "Nivala, Tuomas"]
[Black "Koivusalo, Ville Veiko"]
[Result "0-1"]
[WhiteElo "2198"]
[BlackElo "1985"]
[PlyCount "98"]
[EventDate "2013.01.25"]
[EventType "swiss"]
[EventRounds "5"]
[EventCountry "FIN"]
[SourceTitle "EXT 2022"]
[Source "ChessBase"]
[SourceDate "2021.10.06"]
[SourceVersion "1"]
[SourceVersionDate "2021.10.06"]
[SourceQuality "1"]

1. Nf3 Nf6 2. g3 g6 3. Bg2 Bg7 4. 0-0 c5 5. c4 Nc6 6. Nc3 0-0 7. d4 cxd4 8. Nxd4 d6 9. h3 Bd7 10. Nc2 Qc8 11. Kh2 Ne5 12. b3 Rb8 13. a4 Bc6 14. e4 a6 15. Nd4 Bd7 16. Be3 Re8 17. Rc1 Nc6 18. Nde2 Qd8 19. Nf4 Na5 20. Nfd5 b5 21. cxb5 axb5 22. b4 Nc4 23. a5 Nxe3 24. Nxe3 Bc6 25. Qd3 Qd7 26. Rfd1 Qb7 27. f4 Rec8 28. Nc2 e5 29. fxe5 dxe5 30. Ne3 h5 31. Ncd5 h4 32. gxh4 Nh5 33. Rc5 Bf8 34. Rc2 Be8 35. Rdc1 Rxc2 36. Qxc2 Bd6 37. Bf3 Ng7 38. Nf6+ Kh8 39. Qd2 Bf8 40. Bg4 Bc6 41. Qc2 Bxe4 42. Nxe4 f5 43. Ng5 Rd8 44. Be2 Bxb4 45. Qb3 Rd4 46. Ne6 Rxh4 47. Rc7 Rxh3+ 48. Kxh3 Qh1+ 49. Kg3 Be1# 0-1

[Event "Kokkola We KokkSK"]
[Site "Kokkola"]
[Date "2011.??.??"]
[Round "5"]
[White "Eloranta, Kari"]
[Black "Koivusalo, Ville Veiko"]
[Result "0-1"]
[WhiteElo "2052"]
[BlackElo "1926"]
[PlyCount "81"]
[EventDate "2011.??.??"]
[EventType "swiss"]
[EventRounds "5"]
[EventCountry "FIN"]
[SourceTitle "EXT 2022"]
[Source "ChessBase"]
[SourceDate "2021.10.06"]
[SourceVersion "1"]
[SourceVersionDate "2021.10.06"]
[SourceQuality "1"]

1. d4 Nf6 2. c4 c5 3. d5 b5 4. a4 bxc4 5. Nc3 d6 6. e4 g6 7. Bxc4 Bg7 8. Nge2 0-0 9. 0-0 Ba6 10. Qd3 Bxc4 11. Qxc4 Nfd7 12. f4 Qa5 13. Qb5 Qxb5 14. axb5 Nb6 15. Ra2 a5 16. Be3 N8d7 17. Rfa1 a4 18. Nxa4 Nxa4 19. Rxa4 Rxa4 20. Rxa4 Bxb2 21. Ra7 Nf6 22. b6 Rb8 23. b7 Kg7 24. Bd2 c4 25. Bc3 Bxc3 26. Nxc3 Nd7 27. Na4 f5 28. exf5 gxf5 29. Kf1 Kf7 30. Ke2 e6 31. dxe6+ Kxe6 32. Ke3 Kd5 33. Ra5+ Kc6 34. Rxf5 Rxb7 35. Nc3 Rb2 36. Rg5 Nc5 37. f5 Rb3 38. Kd4 Rxc3 39. f6 Ne6+ 40. Kxc3 Nxg5 41. h4 0-1

[Event "Kokkola We KokkSK"]
[Site "Kokkola"]
[Date "2011.??.??"]
[Round "4"]
[White "Koivusalo, Ville Veiko"]
[Black "Julkunen, Tapio"]
[Result "1-0"]
[WhiteElo "1926"]
[BlackElo "1976"]
[PlyCount "135"]
[EventDate "2011.??.??"]
[EventType "swiss"]
[EventRounds "5"]
[EventCountry "FIN"]
[SourceTitle "EXT 2022"]
[Source "ChessBase"]
[SourceDate "2021.10.06"]
[SourceVersion "1"]
[SourceVersionDate "2021.10.06"]
[SourceQuality "1"]

1. Nf3 d5 2. d4 Nf6 3. c4 c6 4. Nc3 e6 5. Bg5 Nbd7 6. e3 Qa5 7. Bxf6 Nxf6 8. Bd3 Bb4 9. Qc2 dxc4 10. Bxc4 0-0 11. 0-0 Qh5 12. Ne2 Bd6 13. e4 Bb8 14. e5 Nd5 15. Ng3 Qh6 16. Rae1 f5 17. exf6 Bxg3 18. hxg3 Qxf6 19. Ne5 Rd8 20. a3 Bd7 21. Re4 Be8 22. Rh4 h6 23. Ba2 Ne7 24. Rf4 Bg6 25. Rxf6 Bxc2 26. Rxe6 Nd5 27. Re7 Rab8 28. Re1 Kh7 29. Rd7 Nf6 30. Rxd8 Rxd8 31. Nf3 Be4 32. Rxe4 Nxe4 33. Bb1 Kg6 34. Bxe4+ Kf6 35. Kf1 g5 36. g4 Re8 37. Bc2 Re7 38. Bf5 b6 39. Ne1 Re8 40. Nc2 Re7 41. Ne3 Re8 42. Ke2 Ke7 43. Kd3 b5 44. Be4 Kd7 45. Nf5 Rh8 46. g3 h5 47. gxh5 Rxh5 48. Ke3 Rh8 49. Kf3 Rh2 50. Ne3 Kd6 51. Ng4 Rh8 52. Ke3 Rf8 53. f4 gxf4+ 54. gxf4 a5 55. Ne5 b4 56. axb4 axb4 57. Bxc6 Rg8 58. Bf3 Rg1 59. f5 Rb1 60. Nd3 Ke7 61. Be4 b3 62. Bd5 Kf6 63. Be6 Rh1 64. d5 Rh3+ 65. Kd4 Rh4+ 66. Kc3 Ke7 67. Kxb3 Kd6 68. f6 1-0